| 000 | 00402nam a2200157Ia 4500 | ||
|---|---|---|---|
| 008 | 230711s9999||||xx |||||||||||||| ||und|| | ||
| 041 | _aENG | ||
| 082 |
_a5 _bSH-E |
||
| 100 | _aShiflet,Angela B | ||
| 245 | 0 | _aElementary data structures with PascalĀ | |
| 250 | _a1st Ed. | ||
| 260 |
_c1990 _aNew Delhi _bJaico Books Publishing House |
||
| 300 | _a590 | ||
| 650 | _aComputer Engineering | ||
| 942 | _cBK | ||
| 999 |
_c2019 _d2019 |
||